01115nam a2200181 i 450000100060000000300090000600500170001500700030003200800410003511000340007624500630011026000520017330000220022550506230024765000220087065000200089285200210091244982ES-MaACL20250901102123.0t|030324s1872 sp ||||1| spa d2 aCobden Club (London, England)10aCobden club essays, second series, 1871-2 / cCobden Club. aLondon : bCassell Petter Galpin & Co., c1872. a552 p. ; c23 cm.8 aContiene: On the causes of war, by E. de Laveleye.--The law and custom of primo-geniture, by G. C. Brodrick.--The present aspect of the land question, by W. Fowler.--Financial reform, by T. E. C. Leslie.--A new commercial treaty between Great Britain and Germany, by J. Faucher.--The English coinage question, by J. P. Smith.--Trade-unions and the relations of capital and labour, by Joseph Gostick.--The colonial question, by J. E. T. Rogers.--The recent financial, industrial and commercial experiences of the United States, by D. A. Wells.--Appendix: Commercial policy of France, and the treaty with England of 186007aEconomía2embne07aComercio2embne aES-MaACLjC-2641